पुरुषाचे भाग्य (Record no. 952500)

MARC details
000 -LEADER
fixed length control field 00341nam a2200133Ia 4500
008 - FIXED-LENGTH DATA ELEMENTS--GENERAL INFORMATION
fixed length control field 151001s9999||||xx |||||||||||||| ||und||
100 ## - MAIN ENTRY--PERSONAL NAME
Personal name ना ह आपटे
245 ## - TITLE STATEMENT
Title पुरुषाचे भाग्य
250 ## - EDITION STATEMENT
Edition statement 4
260 ## - PUBLICATION, DISTRIBUTION, ETC. (IMPRINT)
Name of publisher, distributor, etc सौ सरस्वती आपटे
260 ## - PUBLICATION, DISTRIBUTION, ETC. (IMPRINT)
Date of publication, distribution, etc 1961
300 ## - PHYSICAL DESCRIPTION
Extent 88
365 ## - TRADE PRICE
Price amount 7

No items available.